00997nam a2200241 a 450000100100000000500170001000800410002702000150006804000250008308200150010810000290012324501250015224600880027726000360036530000210040150000210042250400730044370000320051670000300054870000470057895201130062599900170073800003552120200930074414.0111103s1991 mx 000 0 spa d a9684228740 aDO-SdBNPbspacBNPHU axxxxbxxxx1 aCorey, E. Raymond96140510aCómo entrar en el mercado /cE. Raymond Corey ; Frank V. Céspedes, V. Kasturi Rangan ; Rosa María Rosas Sánchez.10aCómo entrar en el mercadobsistema de distribución delos productos industriales aMéxico :bMcGRAW-HILL,c1991. a436 p. ;c20 cm. aIncluye índice aIncluye referencias bibliográficas y notas al pie de las páginas1 aV. Céspades, Frank9614061 aKasturi Rangan, V.9614071 aRosas Sánchez, María Rosa,etr.961408 001050718MOaGRbGRcHDd2011-11-03iLF1l0oxxxx xxxxp35521-10r2020-06-25w2020-06-25y1ZNo se presta c35012d35012